| 000 | 00387nam a2200145Ia 4500 | ||
|---|---|---|---|
| 008 | 230312s9999||||xx |||||||||||||| ||und|| | ||
| 082 |
_a658.404 _bCHI-A |
||
| 100 | _aChin Gary | ||
| 245 | 0 | _aGile Project Management | |
| 260 |
_bAMACOM _aNew York _c2004 |
||
| 300 | _a229 | ||
| 546 | _aEng. | ||
| 650 |
_aManagement _vDefining Agile Project Management , Planning for Agility |
||
| 942 | _cBK | ||
| 999 |
_c6375 _d6375 |
||